Southville International School and Colleges
Your cart is empty.
  • Cart
  • Lists
    Public lists Eva Luna New books Lux_list list_1
    Your lists Log in to create your own lists
  • Log in to your account
  • Your cookies
  • Search history
Southville International School and Colleges
  • Advanced search
  • Recent comments
  • Most popular
  • Libraries

Log in to your account

Log in with GOOGLE


If you do not have an external account, but do have a local account, you can still log in:

  1. Home
  2. MARC view: Cruise ports management /
Normal view MARC view ISBD view

Cruise ports management / (Record no. 22123)

[ view plain ]
MARC details
000 -LEADER
fixed length control field 00647nam a2200217 a 4500
003 - CONTROL NUMBER IDENTIFIER
control field sisc
005 - DATE AND TIME OF LATEST TRANSACTION
control field 20160729110406.0
008 - FIXED-LENGTH DATA ELEMENTS--GENERAL INFORMATION
fixed length control field 120911s19uu xx 00 eng d
020 ## - INTERNATIONAL STANDARD BOOK NUMBER
International Standard Book Number 9788126150441
050 ## - LIBRARY OF CONGRESS CALL NUMBER
Classification number G 550
Item number .P884 2012
100 ## - MAIN ENTRY--PERSONAL NAME
Personal name Prakash, Chaitanaya.
245 ## - TITLE STATEMENT
Title Cruise ports management /
Statement of responsibility, etc Chaitanaya Prakash.
250 ## - EDITION STATEMENT
Edition statement 1st edition.
260 ## - PUBLICATION, DISTRIBUTION, ETC. (IMPRINT)
Place of publication, distribution, etc New Delhi, India :
Name of publisher, distributor, etc Anmol Publications,
Date of publication, distribution, etc 2012.
300 ## - PHYSICAL DESCRIPTION
Extent 256 pages ;
Dimensions 23 cm.
500 ## - GENERAL NOTE
General note Includes bibliographical references and index.
650 ## - SUBJECT ADDED ENTRY--TOPICAL TERM
Topical term or geographic name as entry element Ocean travel
General subdivision Management.
650 ## - SUBJECT ADDED ENTRY--TOPICAL TERM
Topical term or geographic name as entry element Cruise lines
General subdivision Management
942 ## - ADDED ENTRY ELEMENTS (KOHA)
Koha item type Books
Source of classification or shelving scheme Library of Congress Classification
Call number prefix Foreign
Holdings
Withdrawn status Lost status Source of classification or shelving scheme Damaged status Home library Current library Shelving location Date acquired Total Checkouts Full call number Barcode Date last seen Date checked out Copy number Price effective from Koha item type
    Library of Congress Classification   College Library College Library Reserve Section 09/11/2012 1 G 550 .P884 2012 C15724 11/21/2018 11/14/2018 1 03/10/2014 Books

Cruise ports management /

APA

Prakash C., . (2012). Cruise ports management. New Delhi, India: Anmol Publications.

Chicago

Prakash Chaitanaya, . 2012. Cruise ports management. New Delhi, India: Anmol Publications.

Harvard

Prakash C., . (2012). Cruise ports management. New Delhi, India: Anmol Publications.

MLA

Prakash Chaitanaya, . Cruise ports management. New Delhi, India: Anmol Publications. 2012.

  • Place hold
  • Print
  • Cite
  • Add to your cart (remove)
  • Save record
    BIBTEX Dublin Core MARCXML MARC (non-Unicode/MARC-8) MARC (Unicode/UTF-8) MARC (Unicode/UTF-8, Standard) MODS (XML) RIS
  • More searches
    Search for this title in:
    Other Libraries (WorldCat) Other Databases (Google Scholar) Online Stores (Bookfinder.com) Open Library (openlibrary.org)

Exporting to Dublin Core...

SOUTHVILLE LIBRARY

Southville International School and Colleges Library

1281 Tropical Ave. Cor. Luxembourg St., BF Homes International, Las Pinas City

Tel. No. 8256374 / 252358 Loc. 117/146

Powered by Koha